LEADER 00995naa a2200229 u 4500 001 000000096382 003 CaOOAMICUS 005 20070226130146.0 008 040929s1987 gw u000 u ger u 020 $a3-7995-7054-3 035 $a11009186 040 $aIAR$bita 100 1 $aEngels, Odilo.$0(OLS)http://pul/name/5058 245 10$aZum Konstanzer Vertrag von 1153 /$cOdilo Engels. 260 $aSigmaringen :$bThorbecke,$c1987. 300 $aS. 235-258, ;$c24 cm 600 04$aFriedrich$bI,$cBarbarossa, imperatore del Sacro romano impero,$dc. 1123-1190.$0(OLS)http://pul/subject/241 773 0 $aDeus qui mutat tempora :.$bMenschen und Institutionen im Wandel des Mittelalters. 773 0 $tDeus qui mutat tempora : Menschen u. Institutionen im Wandel d. Mittelalters$w()17397 996 $6020$a3-7995-7054-3$9(OLS)http://pul/number/22382 996 $6245$aZum Konstanzer Vertrag von 1153$9(OLS)http://pul/title/123258 996 $6260$aSigmaringen :$bThorbecke$9(OLS)http://pul/publisher/55331 LEADER 01387nam a2200325 u 4500 001 000000061728 003 CaOOAMICUS 005 20070226121045.0 008 010912s1947 it cf u000 u ita u 035 $a10902526 040 $aPUL(R)$bita 041 1 $aita$hrus 100 1 $aLenin, Vladimir Il'ic,$d1870-1924.$0(OLS)http://pul/name/36997 245 10$aTeoria della questione agraria /$cLenin. 260 $aRoma :$bSoc. Ed. L'Unità,$c1947. 300 $a353 p. :$bant. (ritr.) ;$c22 cm 490 1 $aClassici del Marxismo ;$v22 504 $aBibliografia in nota. 650 4$aMarxismo.$0(OLS)http://pul/subject/4889 650 4$aSocialismo$xStoria.$0(OLS)http://pul/subject/7757 650 4$aAgricoltura$xAspetti economici e sociali.$0(OLS)http://pul/subject/6664 830 0$aClassici del Marxismo ;$v22.$0(OLS)http://pul/title/59422 850 $aPUL 852 $aPUL$W1$xDP1 Cons. Gen., Altre Classi 1$y22$m45 C 4$j80364$nBK-PRI$b $qStampati$B80364$CPULBib$Z2$F80364 $H $81 852 $aPUL$W1$xDP1 Fondo Dalla Palma$y117$m2 A 42$j106614$qFondi$B194318$CPULBib$Z2$F194318 $HDal3327 $81 941 1 $a1 941 1 $a8 961 $aINV: 40123 996 $6245$aTeoria della questione agraria$9(OLS)http://pul/title/82404 996 $6260$aRoma :$bSoc. Ed. L'Unità$9(OLS)http://pul/publisher/70151 LEADER 01374nam a2200313 u 4500 001 000000059980 003 CaOOAMICUS 005 20070226120848.0 008 010709s1990 it u000 u ita u 035 $a10896631 040 $aPUL(R)$bita 245 00$aTeologia e filosofia :$balla ricerca di un nuovo rapporto : in dialogo con Giovanni Ferretti /$cSaturnino Muratore (ed.) 260 $aRoma :$bA.V.E.,$cc1990. 300 $a318 p. ;$c21 cm 490 1 $aSaggi ;$v28 500 $aComprende indici. 504 $aBibliografia in nota. 650 4$aTeologia e filosofia.$0(OLS)http://pul/subject/121 700 1 $aFerretti, Giovanni,$csac.,$d1933-$0(OLS)http://pul/name/4668 700 1 $aMuratore, Saturnino,$cS.I.,$d1942-2024.$0(OLS)http://pul/name/24034 830 0$aSaggi (A.V.E.) ;$v28.$0(OLS)http://pul/title/80225 850 $aPUL 852 $aPUL$W1$xSL Religione 1$y3$m58 C 84$j78158$nBK-PRI$b $qStampati$B78158$CPULBib$Z2$F78158 $81 852 $aPUL$W1$xDP1 Fondo Bordoni$y120$m3 B 85$j162938$b2a copia$qFondi$B172800$CPULBib$Z2$F172800 $HBor143 $81 941 1 $a1 941 1 $a8 961 $aINV: 76621 996 $6245$aTeologia e filosofia :$balla ricerca di un nuovo rapporto : in dialogo con Giovanni Ferretti$9(OLS)http://pul/title/80224 996 $6260$aRoma :$bA.V.E.$9(OLS)http://pul/publisher/47979